[Event "Mogliano Veneto op-B 43th"]
[Site "Mogliano Veneto"]
[Date "2023.04.23"]
[Round "2"]
[White "Pompili, Alberto"]
[Black "Gradin, Riccardo"]
[Result "1-0"]
[WhiteElo "1719"]
[BlackElo "999"]
[PlyCount "65"]
[EventDate "2023.04.23"]
[EventType "swiss"]
[EventRounds "5"]
[EventCountry "ITA"]
[SourceTitle "EXT 2024"]
[Source "ChessBase"]
[SourceDate "2023.10.10"]
[SourceVersion "1"]
[SourceVersionDate "2023.10.10"]
[SourceQuality "1"]

1. d4 f5 2. g3 Nf6 3. Bg2 e6 4. Nf3 d5 5. Nbd2 Nbd7 6. 0-0 Bd6 7. c3 c6 8. Qc2 h6 9. Ne1 0-0 10. Nd3 Qe8 11. f3 b6 12. Nf2 a5 13. Re1 Ba6 14. e4 fxe4 15. fxe4 Bc7 16. exd5 cxd5 17. Nf3 Bb7 18. Qe2 Ne4 19. Nxe4 dxe4 20. Nd2 e3 21. Bxb7 exd2 22. Bxd2 Rd8 23. Qxe6+ Qxe6 24. Rxe6 Nf6 25. Rae1 Ng4 26. R1e2 Nf6 27. Ba6 Kh8 28. Bb5 Rb8 29. Rf2 Kg8 30. a4 Ng4 31. Rxf8+ Rxf8 32. Re8 Nf6 33. Bc4+ 1-0